<?xml version="1.0" encoding="UTF-8"?><?xml-stylesheet type="text/xsl" href="static/style.xsl"?><OAI-PMH xmlns="http://www.openarchives.org/OAI/2.0/" xmlns:xsi="http://www.w3.org/2001/XMLSchema-instance" xsi:schemaLocation="http://www.openarchives.org/OAI/2.0/ http://www.openarchives.org/OAI/2.0/OAI-PMH.xsd"><responseDate>2026-06-05T19:12:11Z</responseDate><request verb="GetRecord" identifier="oai:riuma.uma.es:10630/16645" metadataPrefix="marc">https://riuma.uma.es/rest/oai/request</request><GetRecord><record><header><identifier>oai:riuma.uma.es:10630/16645</identifier><datestamp>2026-02-03T12:05:37Z</datestamp><setSpec>com_10630_2254</setSpec><setSpec>col_10630_37959</setSpec></header><metadata><record xmlns="http://www.loc.gov/MARC21/slim" xmlns:dcterms="http://purl.org/dc/terms/" xmlns:doc="http://www.lyncode.com/xoai" xmlns:xsi="http://www.w3.org/2001/XMLSchema-instance" xsi:schemaLocation="http://www.loc.gov/MARC21/slim http://www.loc.gov/standards/marcxml/schema/MARC21slim.xsd">
   <leader>00925njm 22002777a 4500</leader>
   <datafield ind2=" " ind1=" " tag="042">
      <subfield code="a">dc</subfield>
   </datafield>
   <datafield ind2=" " ind1=" " tag="720">
      <subfield code="a">Cámara-Almirón, Jesús</subfield>
      <subfield code="e">author</subfield>
   </datafield>
   <datafield ind2=" " ind1=" " tag="720">
      <subfield code="a">Navarro, Yurena</subfield>
      <subfield code="e">author</subfield>
   </datafield>
   <datafield ind2=" " ind1=" " tag="720">
      <subfield code="a">Molina-Santiago, Carlos</subfield>
      <subfield code="e">author</subfield>
   </datafield>
   <datafield ind2=" " ind1=" " tag="720">
      <subfield code="a">Magno, M. Concepción</subfield>
      <subfield code="e">author</subfield>
   </datafield>
   <datafield ind2=" " ind1=" " tag="720">
      <subfield code="a">De-Vicente-Moreno, Antonio</subfield>
      <subfield code="e">author</subfield>
   </datafield>
   <datafield ind2=" " ind1=" " tag="720">
      <subfield code="a">Pérez-García, Alejandro</subfield>
      <subfield code="e">author</subfield>
   </datafield>
   <datafield ind2=" " ind1=" " tag="720">
      <subfield code="a">Romero-Hinojosa, Diego Francisco</subfield>
      <subfield code="e">author</subfield>
   </datafield>
   <datafield ind2=" " ind1=" " tag="260">
      <subfield code="c">2018-10-17</subfield>
   </datafield>
   <datafield ind2=" " ind1=" " tag="520">
      <subfield code="a">Biofilms are complex bacterial communities formed on any virtual surface and composed of cells embedded in an extracellular matrix. Studies on Bacillus subtilis have demonstrated this tissue-like structure comprised of diverse exopolymeric substances (eps) including exopolysaccharides, the protein BslA, and TasA and TapA the two main components of the amyloid fibers that confer robustness to the architecture of the biofilm. It has been demonstrated that the genetic pathways involved in formation of biofilms are active in the interaction of B. subtilis with plant surfaces. Indeed, we previously showed that surfactin acts as a self-trigger of biofilm in the plant phylloplane, which connected with the suppressive activity of B. subtilis against phytopathogenic fungi. These findings led us to hypothesize a major contribution of the extracellular matrix in the ecology of B. subtilis in the poorly explore plant phylloplane. In this work, we show that the amyloid protein TasA has a meaningful role in adhesion and biofilm formation over the plant phylloplane, however, despite the inability of the tasA mutant to form a biofilm, it still retained a similar antagonistic activity compared to the wild type strain. An in-depth transcriptomic analysis of the mutant led us to find unexpected variations in the expression levels of over 300 genes, including the overexpression of: i) production of acetoin ii) secondary metabolites and non-ribosomal peptides iii) eps and other biofilm-related components and iv) general stress, among others. These findings suggested that besides the structural role, TasA might have a regulatory function on the physiological stage of the cells. Indeed, an allele of TasA unable to restore biofilm formation allowed us to separate both functions, supporting the importance of this functional amyloid in regulating bacterial physiology and fitness.</subfield>
   </datafield>
   <datafield ind1="8" ind2=" " tag="024">
      <subfield code="a">https://hdl.handle.net/10630/16645</subfield>
   </datafield>
   <datafield tag="653" ind2=" " ind1=" ">
      <subfield code="a">Proteínas</subfield>
   </datafield>
   <datafield tag="653" ind2=" " ind1=" ">
      <subfield code="a">Bacterias</subfield>
   </datafield>
   <datafield ind2="0" ind1="0" tag="245">
      <subfield code="a">The pivotal functionality of the amyloid protein TasA in bacillus physiology and fitness</subfield>
   </datafield>
</record>
</metadata></record></GetRecord></OAI-PMH>